000 00444nam a22001817a 4500
003 MPLRDC
005 20220104162357.0
008 210129b ||||| |||| 00| 0 eng d
020 _a7-5391-3610-3
082 _a857.75 CS-2
100 _a春树
245 _a红孩子
_c
250 _a一版一刷
260 _a中国
_b二十一世纪出版社
_c2007
300 _b185
650 _a中国当代长篇小说
942 _cBK
_o857.75 CS-2
999 _c55933
_d55923